Sports Quiz

Random Sports or World Cup Quiz

Brazil 2014 World Cup Squad Quiz Stats

 Plays Quiz Updated Jun 23, 2014

Support Sporcle.
Go Orange.
Score 0/24 Timer 06:00
8 Plays Today
Position Player % Correct
StrikerNeymar
95%
DefenderDavid Luiz
89.5%
DefenderThiago Silva
86.7%
StrikerHulk
85.8%
DefenderMarcelo
81.2%
MidfielderOscar
80.5%
DefenderDaniel Alves
79.9%
StrikerFred
78.9%
GoalkeeperJúlio César
76.5%
MidfielderWillian
72.8%
MidfielderFernandinho
72.7%
DefenderDante
66.8%
Position Player % Correct
MidfielderPaulinho
65.9%
MidfielderRamires
63.5%
ManagerLuiz Felipe Scolari (Felipão)
57.6%
MidfielderLuiz Gustavo
55.4%
Striker
49.7%
DefenderMaicon
47.3%
DefenderMaxwell
46.2%
StrikerBernard
45.9%
GoalkeeperJefferson
29.7%
MidfielderHernanes
28.8%
DefenderHenrique
19.5%
GoalkeeperVictor
18%

You're not logged in!

Compare scores with friends on all Sporcle quizzes.
OR
Log In

From the Vault

Odd One Out: Movie Cast

by kittypoo

These actors stick out, but in a good sort of way.
Remove Ads.
Support Sporcle.
Get the best of Sporcle when you Go Orange. This ad-free experience offers more features, more stats, and more fun while also helping to support Sporcle. Thank you for becoming a member.

Show Comments

Extras

Top Quizzes Today


Score Distribution

Your Account Isn't Verified!

In order to create a playlist on Sporcle, you need to verify the email address you used during registration. Go to your Sporcle Settings to finish the process.

Report this User

Report this user for behavior that violates our Community Guidelines.

Details: